000
00296nam a2200121Ia 4500
008
250327s9999 xx 000 0 und d
020
_a
9781526424730
082
_b
MCB
_a
CQR
100
_a
MATTHEW MCBEE
_9
34578
245
0
_a
STATISTICAL APPROACHES TO CAUSAL ANALYSIS
260
_b
SAGE
942
_c
BK
999
_c
7378
_d
7378